Catalog

Record Details

Catalog Search



Studies in theology  Cover Image Book Book

Studies in theology / Benjamin B. Warfield

Record details

  • ISBN: 0-85151-533-9
  • Physical Description: 671 p.
  • Publisher: Carlisle, Pennsylvania Banner of Truth Trust 1988

Available copies

  • 1 of 1 copy available at Common Catalog SPOK.

Holds

  • 0 current holds with 1 total copy.
Show Only Available Copies
Location Call Number / Copy Notes Barcode Shelving Location Status Due Date
ETS Library 230.044 424470004091 Volný výběr Available -

LDR 00620nam a2 00229
00137626
003CZ-PrJAB
00520030724000000.0
008030724s1988 xxu e |||| |eng
009us
020 . ‡a0-85151-533-9
035 . ‡a(CONS)8836
035 . ‡aKPS2920
041 . ‡aeng
08214. ‡a230.044
100 . ‡71539 ‡aWarfield, Benjamin B.
245 . ‡aStudies in theology / ‡cBenjamin B. Warfield
260 . ‡aCarlisle, Pennsylvania ‡bBanner of Truth Trust ‡c1988
300 . ‡a671 p.
653 . ‡aStudies in theology
8524 . ‡bETS ‡bETS ‡cVolný výběr ‡j230.044 ‡gA ‡p424470004091
910 . ‡aABG450
999 . ‡a8836 ‡bAUTOGEN ‡c8836 ‡tbiblio
905 . ‡uadmin
901 . ‡a37626 ‡b ‡c37626 ‡tbiblio ‡sets

Additional Resources